000 00375 a2200109 4500
001 ART_41258
005 20260410161605.0
008 260409a
245 1 0 _aComparación de los flujos de fondos de los diferentes sistemas de amortización
100 1 _aAlonso, Juan Carlos
773 0 _tProfesional & Empresaria
_g- Año XVIII, Nº 210 (mar. 2017)
_wREV70
999 _c10138
_d10138